[Event "Titled Tuesday intern op 21st Dec"]
[Site "Chess.com INT"]
[Date "2021.12.21"]
[Round "5"]
[White "Castillo Sevilla, Ian Eiffel"]
[Black "Deviprasath, Sharvesh"]
[Result "1-0"]
[WhiteElo "2032"]
[BlackElo "2225"]
[PlyCount "71"]
[EventDate "2021.12.21"]
[EventType "swiss (blitz)"]
[EventRounds "11"]
[EventCountry "USA"]
[SourceTitle "CBM 205 Extra"]
[Source "ChessBase"]
[SourceDate "2022.01.31"]
[SourceVersion "1"]
[SourceVersionDate "2022.01.31"]
[SourceQuality "1"]

1. Nf3 Nf6 2. d4 g6 3. c4 Bg7 4. g3 d6 5. Bg2 O-O 6. O-O Nbd7 7. Nc3 e5 8. dxe5 dxe5 9. h3 c6 10. Be3 a5 11. Qd2 Qe7 12. Rad1 Nc5 13. Ng5 h6 14. Nge4 Ncxe4 15. Nxe4 Nxe4 16. Bxe4 Bxh3 17. Bg2 Be6 18. Bxh6 Rad8 19. Qe3 Bxc4 20. Bxg7 Kxg7 21. b3 Ba6 22. f4 Rxd1 23. Rxd1 Re8 24. f5 gxf5 25. Rf1 Qf6 26. Bh3 f4 27. gxf4 exf4 28. Qxe8 Qg5+ 29. Kh2 Qg3+ 30. Kh1 Qxh3+ 31. Kg1 Qg3+ 32. Kh1 Kf6 33. Qh8+ Ke7 34. Qe5+ Kd7 35. Rd1+ Kc8 36. Qe8+ 1-0

[Event "Titled Tuesday intern op 21st Dec"]
[Site "Chess.com INT"]
[Date "2021.12.21"]
[Round "5"]
[White "Cella, Glaucio Dalla Cortt"]
[Black "Syed Ahmad, Ali"]
[Result "0-1"]
[WhiteElo "1894"]
[BlackElo "2171"]
[PlyCount "150"]
[EventDate "2021.12.21"]
[EventType "swiss (blitz)"]
[EventRounds "11"]
[EventCountry "USA"]
[SourceTitle "CBM 205 Extra"]
[Source "ChessBase"]
[SourceDate "2022.01.31"]
[SourceVersion "1"]
[SourceVersionDate "2022.01.31"]
[SourceQuality "1"]

1. e4 c6 2. Nf3 d5 3. exd5 cxd5 4. d4 Nc6 5. c3 Nf6 6. Bd3 Bg4 7. Qb3 Bxf3 8. Qxb7 Rc8 9. Bb5 Qd7 10. Qxd7+ Nxd7 11. gxf3 e6 12. Bf4 Be7 13. Nd2 O-O 14. Rg1 Rfd8 15. Ke2 Nb6 16. Bxc6 Rxc6 17. Kd3 Bd6 18. Bxd6 Rcxd6 19. b4 Rc6 20. Nb3 Na4 21. Nc5 Nb2+ 22. Kc2 Nc4 23. Kb3 a5 24. Rgd1 Kf8 25. a4 Ke7 26. b5 Rb6 27. Nd3 Rc8 28. Ne5 Nxe5 29. dxe5 Rb7 30. Rd4 Rbc7 31. Rc1 Rc4 32. Rxc4 Rxc4 33. Rd1 Rf4 34. Rd3 Kd7 35. Ka3 Kc7 36. Kb3 Kb6 37. Ka3 Kc5 38. Kb3 h5 39. Ka3 h4 40. Kb3 Rf5 41. Rd4 g5 42. f4 gxf4 43. Kc2 h3 44. Kd3 Rxe5 45. Rxf4 Re4 46. Rxf7 Rxa4 47. Rh7 Rf4 48. Rxh3 Rxf2 49. Rh6 a4 50. b6 Kxb6 51. Rxe6+ Kb5 52. h4 a3 53. Re1 Rh2 54. Kd4 Rxh4+ 55. Kxd5 Ka4 56. c4 Rh5+ 57. Kd6 a2 58. c5 Kb5 59. Ra1 Rh2 60. c6 Rd2+ 61. Kc7 Kb4 62. Kb7 Kb3 63. c7 Rc2 64. Rxa2 Kxa2 65. c8=Q Rb2+ 66. Ka8 Kb1 67. Qh3 Rc2 68. Kb7 Kb2 69. Ka6 Rc3 70. Kb5 Rxh3 71. Kb4 Rh4+ 72. Kc5 Kc3 73. Kd5 Kd3 74. Ke5 Ra4 75. Kf5 Ke3 0-1

[Event "Titled Tuesday intern op 21st Dec"]
[Site "Chess.com INT"]
[Date "2021.12.21"]
[Round "5"]
[White "Costachi, Mihnea"]
[Black "Rakhmanov, Alexander"]
[Result "0-1"]
[WhiteElo "2463"]
[BlackElo "2640"]
[PlyCount "94"]
[EventDate "2021.12.21"]
[EventType "swiss (blitz)"]
[EventRounds "11"]
[EventCountry "USA"]
[SourceTitle "CBM 205 Extra"]
[Source "ChessBase"]
[SourceDate "2022.01.31"]
[SourceVersion "1"]
[SourceVersionDate "2022.01.31"]
[SourceQuality "1"]

1. d4 Nf6 2. c4 d6 3. Nc3 e5 4. Nf3 e4 5. Ng5 Qe7 6. g3 h6 7. Nh3 g5 8. Bg2 Bf5 9. e3 c6 10. Ng1 Bg7 11. Nge2 Nbd7 12. b3 O-O 13. Ba3 a6 14. h4 Rfe8 15. hxg5 hxg5 16. Bh3 Bxh3 17. Rxh3 b5 18. Qd2 Qe6 19. Rh1 d5 20. cxd5 cxd5 21. O-O-O Ng4 22. Rdf1 a5 23. Nxb5 a4 24. Kb2 axb3 25. Nc7 Rxa3 26. Nxe6 Rxa2+ 27. Kc1 Rc8+ 28. Qc3 Rxc3+ 29. Nxc3 Rc2+ 30. Kb1 fxe6 31. Nb5 Nxf2 32. Rh2 Ng4 33. Rxc2 bxc2+ 34. Kc1 Nxe3 35. Re1 Nf5 36. Kxc2 Nxd4+ 37. Nxd4 Bxd4 38. Rb1 Kf7 39. Rb4 Be5 40. g4 Bf4 41. Kc3 Nf6 42. Kd4 Nxg4 43. Kc5 Kf6 44. Ra4 e3 45. Kd4 e2 46. Ra1 Be5+ 47. Kd3 Bxa1 0-1

[Event "Titled Tuesday intern op 21st Dec"]
[Site "Chess.com INT"]
[Date "2021.12.21"]
[Round "5"]
[White "Cruz Mendez, Jean Marcos"]
[Black "Tologontegin, Semetey"]
[Result "0-1"]
[WhiteElo "2018"]
[BlackElo "2381"]
[PlyCount "74"]
[EventDate "2021.12.21"]
[EventType "swiss (blitz)"]
[EventRounds "11"]
[EventCountry "USA"]
[SourceTitle "CBM 205 Extra"]
[Source "ChessBase"]
[SourceDate "2022.01.31"]
[SourceVersion "1"]
[SourceVersionDate "2022.01.31"]
[SourceQuality "1"]

1. e4 c5 2. Nf3 d6 3. d4 cxd4 4. Nxd4 Nf6 5. Nc3 g6 6. Be3 Bg7 7. f3 O-O 8. Qd2 Nc6 9. O-O-O d5 10. Nxc6 bxc6 11. Qe1 e5 12. exd5 cxd5 13. Bg5 d4 14. Qxe5 Qb6 15. Qxd4 Qxd4 16. Rxd4 Be6 17. Rd1 Rfc8 18. Bd3 Rab8 19. Rhe1 Nd5 20. Na4 Rb4 21. b3 Rxa4 22. bxa4 Nc3 23. Kd2 Nxd1 24. Rxd1 Bxa2 25. Be3 Bc3+ 26. Ke2 Re8 27. Kf2 a5 28. Bb5 Rc8 29. Rd7 Be6 30. Ra7 Bb4 31. Bd3 Ba2 32. Ke2 Re8 33. Rc7 Bd6 34. Ra7 Rxe3+ 35. Kxe3 Bc5+ 36. Ke4 Bxa7 37. g4 Kf8 0-1

[Event "Titled Tuesday intern op 21st Dec"]
[Site "Chess.com INT"]
[Date "2021.12.21"]
[Round "5"]
[White "Csonka, Balazs"]
[Black "Terry, Renato"]
[Result "0-1"]
[WhiteElo "2480"]
[BlackElo "2504"]
[PlyCount "74"]
[EventDate "2021.12.21"]
[EventType "swiss (blitz)"]
[EventRounds "11"]
[EventCountry "USA"]
[SourceTitle "CBM 205 Extra"]
[Source "ChessBase"]
[SourceDate "2022.01.31"]
[SourceVersion "1"]
[SourceVersionDate "2022.01.31"]
[SourceQuality "1"]

1. e4 e6 2. d4 d5 3. Bd3 dxe4 4. Bxe4 Nf6 5. Bf3 Nbd7 6. Ne2 Bd6 7. O-O O-O 8. Ng3 c6 9. c4 Qc7 10. Nc3 a6 11. b3 b6 12. Bb2 Bb7 13. Rc1 Rad8 14. Qe2 Rfe8 15. Rfd1 Bf4 16. Rc2 e5 17. d5 e4 18. Ncxe4 Bxg3 19. hxg3 Nxe4 20. Bxe4 f5 21. d6 Qc8 22. Qh5 Rxe4 23. Qg5 Rg4 24. Qxf5 Nf6 25. d7 Rxd7 26. Qe6+ Rf7 27. Qxc8+ Bxc8 28. Rd8+ Rf8 29. Rd6 Re4 30. f3 Re1+ 31. Kf2 Re6 32. Rxe6 Bxe6 33. Ke3 Rd8 34. g4 Kf7 35. c5 b5 36. Be5 Nd5+ 37. Kf2 Nb4 0-1

[Event "Titled Tuesday intern op 21st Dec"]
[Site "Chess.com INT"]
[Date "2021.12.21"]
[Round "5"]
[White "De Souza, Cristiano Gomes"]
[Black "Buscar, Michael"]
[Result "0-1"]
[WhiteElo "2018"]
[BlackElo "2088"]
[PlyCount "94"]
[EventDate "2021.12.21"]
[EventType "swiss (blitz)"]
[EventRounds "11"]
[EventCountry "USA"]
[SourceTitle "CBM 205 Extra"]
[Source "ChessBase"]
[SourceDate "2022.01.31"]
[SourceVersion "1"]
[SourceVersionDate "2022.01.31"]
[SourceQuality "1"]

1. d4 Nf6 2. c4 e6 3. Nf3 c5 4. d5 exd5 5. cxd5 d6 6. Nc3 g6 7. h3 Bg7 8. e4 O-O 9. Bd3 Na6 10. a3 Nc7 11. O-O Re8 12. Re1 b6 13. Ra2 Ba6 14. b4 Bxd3 15. Qxd3 a5 16. bxc5 bxc5 17. a4 Na6 18. Qc4 Nd7 19. Rae2 Nb6 20. Qb3 c4 21. Qa3 Nc5 22. Nb5 Nbxa4 23. Bf4 Nd3 24. Bxd6 Nxe1 25. Qxa4 Nxf3+ 26. gxf3 c3 27. e5 Qb6 28. Nc7 Rec8 29. Nxa8 Qb1+ 30. Kg2 c2 31. Rxc2 Qxc2 32. Nb6 Qxa4 33. Nxa4 Bf8 34. Bxf8 Kxf8 35. f4 Rc4 36. Nb6 Rxf4 37. Kg3 Rb4 38. Nd7+ Ke7 39. Nf6 a4 40. d6+ Kd8 41. Nd5 Rb7 42. Nc3 a3 43. Kf4 Rb3 44. Na2 Rb2 45. Nc3 a2 46. Nxa2 Rxf2+ 47. Ke4 Rxa2 0-1

[Event "Titled Tuesday intern op 21st Dec"]
[Site "Chess.com INT"]
[Date "2021.12.21"]
[Round "5"]
[White "Degtiarev, Evgeny"]
[Black "Sadykov, Ramil"]
[Result "1-0"]
[WhiteElo "2380"]
[BlackElo "2345"]
[PlyCount "67"]
[EventDate "2021.12.21"]
[EventType "swiss (blitz)"]
[EventRounds "11"]
[EventCountry "USA"]
[SourceTitle "CBM 205 Extra"]
[Source "ChessBase"]
[SourceDate "2022.01.31"]
[SourceVersion "1"]
[SourceVersionDate "2022.01.31"]
[SourceQuality "1"]

1. d4 Nf6 2. c4 g6 3. Nc3 d5 4. cxd5 Nxd5 5. e4 Nxc3 6. bxc3 Bg7 7. Bc4 c5 8. Ne2 Nc6 9. Be3 O-O 10. O-O Na5 11. Bd3 Bg4 12. Rb1 cxd4 13. cxd4 Bxe2 14. Bxe2 Rc8 15. e5 a6 16. Rc1 Rxc1 17. Qxc1 Qd5 18. Qc7 Nc6 19. Qxb7 Rb8 20. Qc7 Qxa2 21. Bf3 a5 22. Bxc6 Rf8 23. Qxe7 a4 24. d5 Qb3 25. d6 a3 26. d7 Qd3 27. Qb4 Bxe5 28. Bc5 Rb8 29. Qxa3 Rb3 30. Qa8+ Rb8 31. Qa3 Rb3 32. Qxb3 Qxb3 33. d8=Q+ Kg7 34. Bf8+ 1-0

[Event "Titled Tuesday intern op 21st Dec"]
[Site "Chess.com INT"]
[Date "2021.12.21"]
[Round "5"]
[White "Diaz Camallonga, Carles"]
[Black "Karacsonyi, Gellert"]
[Result "1/2-1/2"]
[WhiteElo "2463"]
[BlackElo "2348"]
[PlyCount "116"]
[EventDate "2021.12.21"]
[EventType "swiss (blitz)"]
[EventRounds "11"]
[EventCountry "USA"]
[SourceTitle "CBM 205 Extra"]
[Source "ChessBase"]
[SourceDate "2022.01.31"]
[SourceVersion "1"]
[SourceVersionDate "2022.01.31"]
[SourceQuality "1"]

1. e4 c5 2. Nf3 Nc6 3. d4 cxd4 4. Nxd4 g6 5. c4 Nf6 6. Nc3 d6 7. Be2 Nxd4 8. Qxd4 Bg7 9. Be3 O-O 10. Qd2 a5 11. f3 a4 12. Rc1 Qa5 13. Kf2 Bd7 14. Nd5 Nxd5 15. Qxa5 Rxa5 16. cxd5 Raa8 17. Rc7 Rfd8 18. Bb6 Bxb2 19. Rc2 a3 20. Bxd8 Rxd8 21. Ke3 Kf8 22. Rc7 b6 23. Rd1 Ke8 24. Rd3 Rb8 25. Rb3 Kd8 26. Ra7 b5 27. Kd2 b4 28. Bc4 Bc3+ 29. Kd3 Rc8 30. f4 Bg4 31. Ba6 Rb8 32. Rb7 Ra8 33. Bc4 Rc8 34. R3xb4 Bxb4 35. Rxb4 Ra8 36. h3 Bd7 37. Kc3 Kc7 38. Kb3 h6 39. h4 g5 40. hxg5 hxg5 41. g3 gxf4 42. gxf4 f6 43. f5 Be8 44. Bb5 Bh5 45. Bc6 Bd1+ 46. Kc3 Rb8 47. Rxb8 Kxb8 48. Kb4 Bf3 49. Bd7 Bxe4 50. Be6 Kc7 51. Kxa3 Kb6 52. Kb4 Bd3 53. a4 Ka6 54. a5 Be4 55. Bc8+ Ka7 56. Be6 Ka6 57. Ka4 Bc2+ 58. Kb4 Be4 1/2-1/2

[Event "Titled Tuesday intern op 21st Dec"]
[Site "Chess.com INT"]
[Date "2021.12.21"]
[Round "5"]
[White "Dolzhikova, Kateryna"]
[Black "Perez, Flavio"]
[Result "0-1"]
[WhiteElo "2161"]
[BlackElo "2272"]
[PlyCount "50"]
[EventDate "2021.12.21"]
[EventType "swiss (blitz)"]
[EventRounds "11"]
[EventCountry "USA"]
[SourceTitle "CBM 205 Extra"]
[Source "ChessBase"]
[SourceDate "2022.01.31"]
[SourceVersion "1"]
[SourceVersionDate "2022.01.31"]
[SourceQuality "1"]

1. Nf3 d5 2. c4 c6 3. g3 Nf6 4. Bg2 Bg4 5. O-O Bxf3 6. Bxf3 e6 7. b3 Nbd7 8. Bb2 Bd6 9. d3 h5 10. Re1 h4 11. e4 hxg3 12. hxg3 Qc7 13. Kg2 Rh6 14. Nc3 Rg6 15. Ne2 Ne5 16. Bxe5 Bxe5 17. exd5 Bxa1 18. Qxa1 O-O-O 19. dxc6 bxc6 20. Nd4 Ng4 21. Nxc6 Rxd3 22. Bxg4 Qxc6+ 23. Kh3 Rh6+ 24. Bh5 Rxh5+ 25. Kg4 Qf3# 0-1

[Event "Titled Tuesday intern op 21st Dec"]
[Site "Chess.com INT"]
[Date "2021.12.21"]
[Round "5"]
[White "Duneas, John"]
[Black "Buchenau, Frank"]
[Result "0-1"]
[WhiteElo "2071"]
[BlackElo "2265"]
[PlyCount "70"]
[EventDate "2021.12.21"]
[EventType "swiss (blitz)"]
[EventRounds "11"]
[EventCountry "USA"]
[SourceTitle "CBM 205 Extra"]
[Source "ChessBase"]
[SourceDate "2022.01.31"]
[SourceVersion "1"]
[SourceVersionDate "2022.01.31"]
[SourceQuality "1"]

1. d4 e6 2. c4 Nf6 3. Nf3 b6 4. g3 Bb7 5. Bg2 Be7 6. O-O O-O 7. Nc3 Ne4 8. Qc2 Nxc3 9. Qxc3 f5 10. Rd1 Bf6 11. Qc2 Be4 12. Qb3 a5 13. a3 a4 14. Qe3 Nc6 15. d5 Na5 16. dxe6 d6 17. Nd2 Bxg2 18. Kxg2 Qe7 19. Rb1 Rfe8 20. b4 axb3 21. Nxb3 Nxc4 22. Qf3 Qxe6 23. e3 Qe4 24. Nd4 Bxd4 25. Qxe4 Rxe4 26. exd4 Re2 27. Rb3 Rc2 28. h4 Re8 29. Bf4 Ree2 30. Rf1 Kf7 31. a4 g6 32. h5 Ke6 33. hxg6 hxg6 34. Be3 Nxe3+ 35. Rxe3+ Rxe3 0-1

[Event "Titled Tuesday intern op 21st Dec"]
[Site "Chess.com INT"]
[Date "2021.12.21"]
[Round "5"]
[White "Dushyant, Sharma"]
[Black "Vianello, Enrico"]
[Result "0-1"]
[WhiteElo "2369"]
[BlackElo "2051"]
[PlyCount "60"]
[EventDate "2021.12.21"]
[EventType "swiss (blitz)"]
[EventRounds "11"]
[EventCountry "USA"]
[SourceTitle "CBM 205 Extra"]
[Source "ChessBase"]
[SourceDate "2022.01.31"]
[SourceVersion "1"]
[SourceVersionDate "2022.01.31"]
[SourceQuality "1"]

1. e4 c5 2. Nf3 e6 3. d4 cxd4 4. Nxd4 Nc6 5. Nc3 Qc7 6. f4 a6 7. Nf3 b5 8. Bd3 Bb7 9. O-O Bc5+ 10. Kh1 Nge7 11. Qe1 h5 12. a3 h4 13. h3 Ng6 14. Ng5 Bd6 15. e5 Bc5 16. f5 Ngxe5 17. fxe6 dxe6 18. Bf4 Nxd3 19. cxd3 Qe7 20. Nxf7 Qxf7 21. Bd6 Qg6 22. Bxc5 Nd4 23. Ne4 Nc2 24. Nd6+ Kd7 25. Qf2 Nxa1 26. Nxb7 Nb3 27. Bb4 Qf5 28. Qe2 Qg6 29. Qc2 Nd4 30. Nc5+ Ke8 0-1

[Event "Titled Tuesday intern op 21st Dec"]
[Site "Chess.com INT"]
[Date "2021.12.21"]
[Round "5"]
[White "Einarsson, Halldor Gretar"]
[Black "Xie, Bryan"]
[Result "1-0"]
[WhiteElo "2207"]
[BlackElo "2128"]
[PlyCount "65"]
[EventDate "2021.12.21"]
[EventType "swiss (blitz)"]
[EventRounds "11"]
[EventCountry "USA"]
[SourceTitle "CBM 205 Extra"]
[Source "ChessBase"]
[SourceDate "2022.01.31"]
[SourceVersion "1"]
[SourceVersionDate "2022.01.31"]
[SourceQuality "1"]

1. d4 Nf6 2. c4 e6 3. Nf3 b6 4. g3 Bb7 5. Bg2 Be7 6. O-O O-O 7. Re1 Ne4 8. d5 exd5 9. cxd5 d6 10. Nd4 Nf6 11. Nf5 Qd7 12. Bh3 Qe8 13. Nxe7+ Qxe7 14. Nc3 Nbd7 15. e4 Rfe8 16. Bg5 h6 17. Bxd7 Qxd7 18. Bxf6 gxf6 19. Qh5 Kg7 20. Re3 Re5 21. Qh4 Rae8 22. f4 R5e7 23. Rae1 f5 24. e5 dxe5 25. fxe5 Bxd5 26. Qf6+ Kg8 27. Qxh6 Be6 28. Ne2 Qd2 29. Nf4 f6 30. exf6 Rh7 31. Qg6+ Kf8 32. Qxh7 Bf7 33. Qg7# 1-0

[Event "Titled Tuesday intern op 21st Dec"]
[Site "Chess.com INT"]
[Date "2021.12.21"]
[Round "5"]
[White "Erdogdu, Mert"]
[Black "Moskalenko, Alexander"]
[Result "1/2-1/2"]
[WhiteElo "2407"]
[BlackElo "2514"]
[PlyCount "54"]
[EventDate "2021.12.21"]
[EventType "swiss (blitz)"]
[EventRounds "11"]
[EventCountry "USA"]
[SourceTitle "CBM 205 Extra"]
[Source "ChessBase"]
[SourceDate "2022.01.31"]
[SourceVersion "1"]
[SourceVersionDate "2022.01.31"]
[SourceQuality "1"]

1. e4 e5 2. f4 d5 3. exd5 exf4 4. Nf3 Nf6 5. d4 Bd6 6. Bb5+ c6 7. dxc6 bxc6 8. Bc4 O-O 9. O-O Bg4 10. c3 Nbd7 11. Nbd2 Nb6 12. Bb3 Re8 13. Qc2 Re2 14. Qd3 Re3 15. Qa6 Qe7 16. Nc4 Nxc4 17. Qxc4 Bxf3 18. gxf3 Re2 19. Qxc6 Rd8 20. Bc4 Rxh2 21. Kxh2 Ne4 22. Qxe4 Qh4+ 23. Kg1 Qg3+ 24. Kh1 Qh3+ 25. Kg1 Qg3+ 26. Kh1 Qh3+ 27. Kg1 Qg3+ 1/2-1/2

[Event "Titled Tuesday intern op 21st Dec"]
[Site "Chess.com INT"]
[Date "2021.12.21"]
[Round "5"]
[White "Fabris, Alberto"]
[Black "Rangel, Daniel"]
[Result "0-1"]
[WhiteElo "2230"]
[BlackElo "2196"]
[PlyCount "106"]
[EventDate "2021.12.21"]
[EventType "swiss (blitz)"]
[EventRounds "11"]
[EventCountry "USA"]
[SourceTitle "CBM 205 Extra"]
[Source "ChessBase"]
[SourceDate "2022.01.31"]
[SourceVersion "1"]
[SourceVersionDate "2022.01.31"]
[SourceQuality "1"]

1. e4 c6 2. d4 d5 3. e5 c5 4. dxc5 e6 5. Be3 Nd7 6. Nf3 Bxc5 7. Bxc5 Nxc5 8. c3 Qb6 9. b4 Ne4 10. Qd4 Bd7 11. Nbd2 Nxd2 12. Nxd2 Qxd4 13. cxd4 Rc8 14. Bd3 Ne7 15. Ke2 Nc6 16. Nb3 Nxb4 17. Nc5 Nxd3 18. Kxd3 b6 19. Nxd7 Kxd7 20. Rhc1 Rxc1 21. Rxc1 Rc8 22. Rf1 Rc4 23. f4 g6 24. g4 Ra4 25. Ra1 Ra3+ 26. Ke2 Rh3 27. Rh1 h5 28. gxh5 Rxh5 29. h4 Rh8 30. Kf3 Rc8 31. Kg4 Rc2 32. Kg5 Ke7 33. Kh6 Rxa2 34. Rc1 Rh2 35. Rc7+ Ke8 36. Rxa7 Rxh4+ 37. Kg7 Rxf4 38. Rb7 g5 39. Rxb6 g4 40. Rb3 Kd7 41. Kf8 Kc6 42. Ke7 Rxd4 43. Kxf7 Re4 44. Kxe6 d4 45. Kf5 Re3 46. Rb4 Kc5 47. Rb8 g3 48. Rc8+ Kd5 49. Rd8+ Kc4 50. Rc8+ Kd3 51. Rg8 Ke2 52. e6 Kf2 53. Rd8 d3 0-1

[Event "Titled Tuesday intern op 21st Dec"]
[Site "Chess.com INT"]
[Date "2021.12.21"]
[Round "5"]
[White "Fanha, Paulo Alexandre Mar"]
[Black "Estrada Nieto, Julian"]
[Result "0-1"]
[WhiteElo "1665"]
[BlackElo "2253"]
[PlyCount "142"]
[EventDate "2021.12.21"]
[EventType "swiss (blitz)"]
[EventRounds "11"]
[EventCountry "USA"]
[SourceTitle "CBM 205 Extra"]
[Source "ChessBase"]
[SourceDate "2022.01.31"]
[SourceVersion "1"]
[SourceVersionDate "2022.01.31"]
[SourceQuality "1"]

1. b3 d5 2. Bb2 Nf6 3. e3 Bg4 4. Be2 Bxe2 5. Qxe2 Nbd7 6. f4 e6 7. Nf3 Bd6 8. O-O O-O 9. d3 a5 10. a4 c6 11. Nbd2 Qc7 12. Kh1 e5 13. fxe5 Nxe5 14. Nxe5 Bxe5 15. Bxe5 Qxe5 16. Rae1 Rae8 17. Qf3 Qc3 18. Re2 Qxc2 19. e4 Qc3 20. exd5 Rxe2 21. Qxe2 cxd5 22. h3 h6 23. Nf3 Re8 24. Qd1 Re3 25. Nh4 Qxd3 26. Qxd3 Rxd3 27. Nf5 Rxb3 28. Nxh6+ gxh6 29. Rxf6 Kg7 30. Rd6 Rb4 31. Rxd5 Rxa4 32. Rb5 Rb4 33. Rxa5 Rb2 34. Kh2 Rb3 35. Kg1 Rb2 36. Kh2 b5 37. Kg3 Kg6 38. Ra7 b4 39. Rb7 h5 40. h4 f6 41. Kf3 Rb1 42. Kg3 b3 43. Rb5 b2 44. Rb6 Kf7 45. Rb7+ Ke6 46. Rb5 Kd6 47. Kh2 Kc6 48. Rb8 Kd5 49. Rb3 f5 50. Rb8 f4 51. Rb3 Kc4 52. Rb8 Kc3 53. Rc8+ Kd2 54. Rd8+ Ke2 55. Re8+ Kf2 56. Rb8 f3 57. gxf3 Kxf3 58. Rb3+ Kg4 59. Rb4+ Kf3 60. Rb3+ Ke4 61. Kg2 Kd4 62. Rb4+ Kc3 63. Rb8 Rd1 64. Rc8+ Kb3 65. Rb8+ Kc3 66. Rc8+ Kd2 67. Rd8+ Ke2 68. Re8+ Kd2 69. Rd8+ Kc1 70. Rc8+ Kb1 71. Rb8 Rc1 0-1

[Event "Titled Tuesday intern op 21st Dec"]
[Site "Chess.com INT"]
[Date "2021.12.21"]
[Round "5"]
[White "Florescu, Codrut Constantin"]
[Black "Barrionuevo, Pablo"]
[Result "1-0"]
[WhiteElo "2285"]
[BlackElo "2259"]
[PlyCount "89"]
[EventDate "2021.12.21"]
[EventType "swiss (blitz)"]
[EventRounds "11"]
[EventCountry "USA"]
[SourceTitle "CBM 205 Extra"]
[Source "ChessBase"]
[SourceDate "2022.01.31"]
[SourceVersion "1"]
[SourceVersionDate "2022.01.31"]
[SourceQuality "1"]

1. d4 d5 2. c4 e6 3. Nf3 c5 4. e3 Nf6 5. Nc3 a6 6. a3 dxc4 7. Bxc4 b5 8. Bd3 Bb7 9. O-O Nbd7 10. Qe2 Qb8 11. e4 cxd4 12. Nxd4 Bd6 13. g3 h5 14. Bg5 h4 15. Bxh4 Rxh4 16. gxh4 Bxh2+ 17. Kg2 Nc5 18. Nf3 Bf4 19. Bc2 Nh5 20. Ng5 g6 21. Nh3 Be5 22. Rfe1 Bc6 23. Qd2 Qb7 24. f3 Rd8 25. Qg5 Qc7 26. Rad1 Rc8 27. Nd5 exd5 28. exd5 Kf8 29. Qxe5 Qxe5 30. Rxe5 Bd7 31. d6 Bxh3+ 32. Kxh3 Nd7 33. Bf5 gxf5 34. Rxf5 Ndf6 35. d7 Rd8 36. Rd6 Ke7 37. Rxa6 Rg8 38. Rxb5 Rg3+ 39. Kh2 Rxf3 40. d8=Q+ Kxd8 41. Rb7 Nd7 42. Rd6 Rd3 43. Rxd3 Nf4 44. Rdxd7+ Kc8 45. Rxf7 1-0

[Event "Titled Tuesday intern op 21st Dec"]
[Site "Chess.com INT"]
[Date "2021.12.21"]
[Round "5"]
[White "Gelman, Alexander"]
[Black "Osmak, Iulija"]
[Result "1-0"]
[WhiteElo "2403"]
[BlackElo "2419"]
[PlyCount "49"]
[EventDate "2021.12.21"]
[EventType "swiss (blitz)"]
[EventRounds "11"]
[EventCountry "USA"]
[SourceTitle "CBM 205 Extra"]
[Source "ChessBase"]
[SourceDate "2022.01.31"]
[SourceVersion "1"]
[SourceVersionDate "2022.01.31"]
[SourceQuality "1"]

1. d4 f5 2. e4 fxe4 3. Nc3 Nf6 4. Bg5 g6 5. h4 Bg7 6. h5 d5 7. h6 Bf8 8. f3 Bf5 9. g4 Be6 10. Qd2 Nc6 11. O-O-O exf3 12. Nxf3 Bxg4 13. Be2 Bxf3 14. Bxf3 Qd7 15. Bg2 Na5 16. Bxf6 exf6 17. Nxd5 Qa4 18. Nxc7+ Kd8 19. Nxa8 Qxa2 20. Qc3 Bd6 21. Rhf1 Re8 22. Rde1 Rxe1+ 23. Rxe1 Bf4+ 24. Kd1 Qa4 25. Re4 1-0

[Event "Titled Tuesday intern op 21st Dec"]
[Site "Chess.com INT"]
[Date "2021.12.21"]
[Round "5"]
[White "Gledura, Benjamin"]
[Black "Panesar, Vedant"]
[Result "0-1"]
[WhiteElo "2652"]
[BlackElo "2379"]
[PlyCount "126"]
[EventDate "2021.12.21"]
[EventType "swiss (blitz)"]
[EventRounds "11"]
[EventCountry "USA"]
[SourceTitle "CBM 205 Extra"]
[Source "ChessBase"]
[SourceDate "2022.01.31"]
[SourceVersion "1"]
[SourceVersionDate "2022.01.31"]
[SourceQuality "1"]

1. d4 Nf6 2. Bg5 d5 3. Bxf6 exf6 4. e3 c6 5. Nf3 Bd6 6. g3 O-O 7. Bg2 f5 8. O-O Nd7 9. c4 Nf6 10. Qc2 dxc4 11. Qxc4 Be6 12. Qc2 Ne4 13. Nc3 Bd5 14. Nxd5 cxd5 15. Qb3 Qb6 16. Qxd5 g6 17. Qb3 Qxb3 18. axb3 Rfc8 19. Rfc1 a6 20. Kf1 Kf8 21. Ke2 Ke7 22. Ne1 Rxc1 23. Rxc1 Kd7 24. Nd3 h5 25. Bxe4 fxe4 26. Nc5+ Bxc5 27. Rxc5 Kd6 28. h4 Re8 29. b4 Ra8 30. Kd2 Re8 31. Kc3 Re6 32. Kb3 Rf6 33. Rc2 Kd5 34. b5 axb5 35. Kb4 Rc6 36. Rc3 Rf6 37. Rc5+ Kd6 38. Rc2 Rf5 39. Ka5 Kd7 40. Kb6 b4 41. b3 Kd6 42. Kxb7 g5 43. hxg5 Rxg5 44. Rc6+ Ke7 45. Rc5 Rg6 46. Re5+ Kd6 47. Rxe4 Rf6 48. Rf4 Rxf4 49. exf4 Kd5 50. Kb6 Kxd4 51. Kb5 Ke4 52. Kxb4 Kf3 53. Kc5 Kxf2 54. b4 Kxg3 55. b5 h4 56. b6 h3 57. b7 h2 58. b8=Q h1=Q 59. Qe5 Qc1+ 60. Kd5 Qxf4 61. Qg7+ Kf3 62. Qc3+ Kg4 63. Qg7+ Qg5+ 0-1

[Event "Titled Tuesday intern op 21st Dec"]
[Site "Chess.com INT"]
[Date "2021.12.21"]
[Round "5"]
[White "Gritsenko, Nikolai"]
[Black "Jain, Naveen"]
[Result "1-0"]
[WhiteElo "2309"]
[BlackElo "2032"]
[PlyCount "63"]
[EventDate "2021.12.21"]
[EventType "swiss (blitz)"]
[EventRounds "11"]
[EventCountry "USA"]
[SourceTitle "CBM 205 Extra"]
[Source "ChessBase"]
[SourceDate "2022.01.31"]
[SourceVersion "1"]
[SourceVersionDate "2022.01.31"]
[SourceQuality "1"]

1. b3 g6 2. Bb2 Nf6 3. Bxf6 exf6 4. c4 Bg7 5. Nc3 f5 6. g3 O-O 7. Bg2 d6 8. e3 Nc6 9. Nge2 Re8 10. d4 f4 11. gxf4 Bg4 12. h3 Bxe2 13. Nxe2 a5 14. a3 Ne7 15. Ng3 c6 16. O-O Qd7 17. Qg4 f5 18. Qf3 c5 19. Rad1 cxd4 20. exd4 d5 21. cxd5 Qd6 22. Rfe1 Rad8 23. Re6 Qxa3 24. Rde1 Qb4 25. Qe2 Bf8 26. Qc4 Qxc4 27. bxc4 Kf7 28. Rb1 Nc8 29. Rxb7+ Kg8 30. Rxe8 Rxe8 31. c5 Ne7 32. d6 1-0

[Event "Titled Tuesday intern op 21st Dec"]
[Site "Chess.com INT"]
[Date "2021.12.21"]
[Round "5"]
[White "Grunberg, Mihai Lucian"]
[Black "Ocelak, Jakub"]
[Result "1-0"]
[WhiteElo "2401"]
[BlackElo "2210"]
[PlyCount "61"]
[EventDate "2021.12.21"]
[EventType "swiss (blitz)"]
[EventRounds "11"]
[EventCountry "USA"]
[SourceTitle "CBM 205 Extra"]
[Source "ChessBase"]
[SourceDate "2022.01.31"]
[SourceVersion "1"]
[SourceVersionDate "2022.01.31"]
[SourceQuality "1"]

1. Nf3 Nf6 2. c3 g6 3. d4 Bg7 4. Bf4 O-O 5. e3 d6 6. Nbd2 Nc6 7. Bd3 e5 8. Bg3 Nh5 9. O-O Nxg3 10. hxg3 Bg4 11. Qb3 Qd7 12. Be4 Rab8 13. Bxc6 bxc6 14. Qc2 Bf5 15. e4 Bg4 16. Rfe1 exd4 17. cxd4 f5 18. e5 Bxf3 19. Nxf3 Rfe8 20. Rac1 c5 21. Qc4+ d5 22. Qxc5 Rxb2 23. Qxa7 Rc8 24. a4 Bh6 25. Rc5 Bd2 26. Nxd2 Rxd2 27. e6 Qd6 28. Qb7 Re8 29. Rxc7 Qf8 30. Rxh7 f4 31. Qf7+ 1-0